Plus au sud que l'Australie - Statistiques

Statistiques générales
  • Ce quiz a été pris 110 fois
  • Le résultat moyen est 5 sur 6
Statistiques - réponses
Réponse % Correct
Argentine
96%
Nouvelle-Zélande
96%
Chili
94%
France
74%
Royaume-Uni
68%
Norvège
34%
Aucun quiz correspondant
Distribution des résultats
% des personnes avec chaque résultat
Percentile par nombre de réponses
Votre historique - résultats
Vous n’avez pas pris ce quiz